Band Members by Instrument - Hard Rock Edition - Statistics

General Stats
  • This quiz has been taken 401 times
  • The average score is 24 of 40
Answer Stats
Band Instrument or Role Answer % Correct
Queen (1971-1991) Vocals, Keyboards Freddie Mercury
98%
Guns N' Roses (1985-1990) Vocals Axl Rose
93%
The Rolling Stones (1969-1974) Vocals Mick Jagger
93%
Guns N' Roses (1985-1990) Lead Guitar Slash
90%
Queen (1971-1991) Guitar, Vocals Brian May
89%
Led Zeppelin (1968-1980) Vocals Robert Plant
88%
AC/DC (1977-1983) Lead Guitar Angus Young
86%
Aerosmith (1971-1979; 1984-present) Vocals Steven Tyler
86%
Led Zeppelin (1968-1980) Guitar Jimmy Page
85%
AC/DC (1977-1983) Vocals Bon Scott / Brian Johnson
82%
The Rolling Stones (1969-1974) Rhythm Guitar Keith Richards
80%
AC/DC (1977-1983) Rhythm Guitar Malcolm Young
78%
Led Zeppelin (1968-1980) Drums John Bonham
77%
Led Zeppelin (1968-1980) Bass, Keyboards John Paul Jones
76%
The Who (1964-1978) Guitar, Keyboards, Vocals Pete Townshend
72%
Queen (1971-1991) Drums, Vocals Roger Taylor
71%
The Who (1964-1978) Drums Keith Moon
69%
The Who (1964-1978) Vocals Roger Daltrey
68%
Aerosmith (1971-1979; 1984-present) Lead Guitar Joe Perry
62%
Queen (1971-1991) Bass John Deacon
62%
The Rolling Stones (1969-1974) Drums Charlie Watts
60%
The Rolling Stones (1969-1974) Lead Guitar Mick Taylor
60%
ZZ Top (1970-2021) Drums Frank Beard
54%
The Who (1964-1978) Bass John Entwistle
51%
Deep Purple (1969-1973) Guitar Ritchie Blackmore
51%
ZZ Top (1970-2021) Vocals, Guitar Billy Gibbons
50%
Guns N' Roses (1985-1990) Bass Duff McKagan
45%
Guns N' Roses (1985-1990) Rhythm Guitar Izzy Stradlin
44%
Deep Purple (1969-1973) Vocals Ian Gillan
43%
The Rolling Stones (1969-1974) Bass Bill Wyman
38%
AC/DC (1977-1983) Drums Phil Rudd
37%
ZZ Top (1970-2021) Bass Dusty Hill
36%
Guns N' Roses (1985-1990) Drums Steven Adler
36%
Deep Purple (1969-1973) Keyboards Jon Lord
33%
Deep Purple (1969-1973) Drums Ian Paice
32%
AC/DC (1977-1983) Bass Cliff Williams
29%
Deep Purple (1969-1973) Bass Roger Glover
27%
Aerosmith (1971-1979; 1984-present) Drums Joey Kramer
23%
Aerosmith (1971-1979; 1984-present) Bass Tom Hamilton
23%
Aerosmith (1971-1979; 1984-present) Rhythm Guitar Brad Whitford
22%
No matching quizzes found
Score Distribution
Percent of People with Each Score
Percentile by Number Answered
Your Score History
You have not taken this quiz